| АИС "Историко-культурное наследие Беларуси" | ||
| Базовый | Расширенный | Профессиональный | Словарь персоналий | Тематический словарь | По видам объектов | История запросов Заказы | Регистрация | |
Запись в MARC-формате
| копировать MARC-запись |
=LDR 00000nx\\c2200265\\\45\\
=001 BY-NLB-ar2786882
=005 20160330095630.7
=100 \\$a20080221arusy50\\\\\\ca0
=152 \\$apsbo
=160 \\$ae-bw
=215 \\$aКостел Наисвятейшей Троицы (Ишколдь, деревня; Барановичский район)
=300 1\$aПамятник архитектуры готики. Построен во второй половине 15 в. (до 1472 г.). В 1970-е гг. реставрирован.
=356 \\$aНаходится в юго-восточной части деревни Ишколдь Барановичского района Брестской области.
=415 \\$aИшколдский Троицкий костел
=415 \\$aИшкольдский Троицкий костел
=415 \\$aИшкольдский костел Пресвятой Троицы
=415 \\$aКостел Пресвятой Троицы (Ишколдь, деревня; Барановичский район)
=515 \\$5w$3BY-NLB-ar2786864$aКасцёл Найсвяцейшай Тройцы (Ішкалдзь, вёска; Баранавіцкі раён)
=801 \0$aBY$bBY-HM0000$c20080221
=810 \\$aРеспублика Беларусь : энциклопедия. [В 7 т.]. Т. 3. — Минск, 2006.
=810 \\$aТуристская энциклопедия Беларуси. — Минск, 2007.
=810 \\$aКаталіцкія храмы на Беларусі : энцыклапедычны даведнік / А. М. Кулагін. — Мінск, 2000.
=810 \\$aКаталіцкія храмы Беларусі / А. М. Кулагін. — Мінск, 2008.
=810 \\$aБеларуская энцыклапедыя. У 18 т. Т. 7. — Мінск, 1998.
=999 \\$f2786$t20080221
Чтобы вернуться назад, щелкните кнопку BACK на Вашем браузере